Action today to protect tomorrow (Record no. 106529)
[ view plain ]
| 000 -LEADER | |
|---|---|
| fixed length control field | 01284cam a2200229 4500 |
| 001 - CONTROL NUMBER | |
| control field | L136889 |
| 008 - FIXED-LENGTH DATA ELEMENTS--GENERAL INFORMATION | |
| fixed length control field | 070228n2007 000 0 eng u |
| 020 04 - INTERNATIONAL STANDARD BOOK NUMBER | |
| International Standard Book Number | 9781852619947 |
| 035 ## - SYSTEM CONTROL NUMBER | |
| System control number | (Sirsi) u136889 |
| 041 0# - LANGUAGE CODE | |
| Language code of text/sound track or separate title | eng |
| 050 ## - LIBRARY OF CONGRESS CALL NUMBER | |
| Classification number | 696.9 $2 18 |
| 110 2# - MAIN ENTRY--CORPORATE NAME | |
| Corporate name or jurisdiction name as entry element | London |
| Subordinate unit | Greater London Authority |
| 9 (RLIN) | 3989 |
| 245 00 - TITLE STATEMENT | |
| Title | Action today to protect tomorrow |
| Remainder of title | the mayor's climate change action plan |
| Medium | [electronic resource] |
| 260 ## - PUBLICATION, DISTRIBUTION, ETC. | |
| Place of publication, distribution, etc. | London |
| Name of publisher, distributor, etc. | GLA |
| Date of publication, distribution, etc. | 2007 |
| 505 2# - FORMATTED CONTENTS NOTE | |
| Formatted contents note | Focus and scope of the Mayor's climate change action plan -- Introduction: the threat of catastrophic climate change -- Context: London's carbon footprint and targets for cutting emissions -- Actions: tackling London's CO2 emissions by sector -- Tackling mayoral group CO2 emissions -- Monitoring and review: our ongoing commitment. |
| 520 ## - SUMMARY, ETC. | |
| Summary, etc. | Sets out how London will contribute and show leadership in meeting the global challenge of reducing emissions of greenhouse gases, especially carbon dioxide. |
| 590 ## - LOCAL NOTE (RLIN) | |
| Local note | KA NTK |
| 651 #4 - SUBJECT ADDED ENTRY--GEOGRAPHIC NAME | |
| Geographic name | LONDON |
| 690 ## - LOCAL SUBJECT ADDED ENTRY--TOPICAL TERM (OCLC, RLIN) | |
| Topical term or geographic name as entry element | ENVIRONMENTAL AND LAND CONSULTANCY-ENVIRONMENTAL MANAGEMENT-ENVIRONMENTAL CONSERVATION |
| 856 40 - ELECTRONIC LOCATION AND ACCESS | |
| Uniform Resource Identifier | <a href="https://www.london.gov.uk/mayor/environment/climate-change/ccap/index.jsp">https://www.london.gov.uk/mayor/environment/climate-change/ccap/index.jsp</a> |
| Public note | View the report free of charge online at www.london.gov.uk... |
| 942 ## - ADDED ENTRY ELEMENTS (KOHA) | |
| Suppress in OPAC | 0 |
| Withdrawn status | Lost status | Source of classification or shelving scheme | Damaged status | Not for loan | Home library | Current library | Shelving location | Date acquired | Total Checkouts | Full call number | Barcode | Date last seen | Copy number | Price effective from | Koha item type |
|---|---|---|---|---|---|---|---|---|---|---|---|---|---|---|---|
| Dewey Decimal Classification | Virtual | Virtual | Online | 28/02/2007 | ONLINE PUBLICATION | 136889-1001 | 06/08/2019 | 1 | 06/08/2019 | Book |